000 00601nam a2200205 i 4500
001 99615
003 ES-MaACL
005 20230906182527.0
007 t|
008 050914s1957 sp ||||1| spa d
100 1 _aMartínez-Barbeito, Carlos,
_d1913-1997
_977884
245 1 0 _aGalicia /
_cCarlos Martínez-Barbeito.
250 _a[1ª ed.].
300 _a524 p., 6 gráf. pleg. :
_bil. ;
_c22 cm.
490 1 _aGuías de España
651 4 _aGalicia-
_vGuías turísticas.
_98727
830 0 _aGuías de España
_9182984
852 _aES-MaACL
_jC-12877
_bR.41182
999 _c99615
_d99615